America in the cold war: twenty years of revolutions and response, 1947-1967
Gardado en:
| Autor Principal: | |
|---|---|
| Formato: | Libro |
| Idioma: | inglés |
| Publicado: |
Nueva York
John Wiley
1969
|
| Series: | Problems in American History
|
| Subjects: | |
| Tags: |
Engadir etiqueta
Sen Etiquetas, Sexa o primeiro en etiquetar este rexistro!
|
MARC
| LEADER | 00000nam a2200000 a 4500 | ||
|---|---|---|---|
| 001 | UCO7578 | ||
| 003 | CL-VaPUC | ||
| 008 | 001117e19690000US |||||||||||||||||eng|d | ||
| 082 | 0 | 4 | |a 973.9 |b LAF |2 21 |
| 100 | |a LaFeber, Walter |e author |9 452112 | ||
| 245 | 1 | 0 | |a America in the cold war: twenty years of revolutions and response, 1947-1967 |
| 300 | |a 232 p | ||
| 942 | |c BK | ||
| 945 | |d 20001117 00:00:00 |a crobeson | ||
| 260 | |a Nueva York |b John Wiley |c 1969 | ||
| 500 | |a Donación del profesor Manfred Wilhelmy von Wolff | ||
| 650 | 7 | |a HISTORIA ESTADOUNIDENSE 1947-1967 |2 CL-VaPUC |9 452113 | |
| 650 | 0 | |a Posguerra |9 372262 | |
| 650 | 0 | |a Guerra Fría |9 319648 | |
| 650 | 7 | |a GUERRA DE COREA |2 CL-VaPUC |9 436294 | |
| 650 | 7 | |a REVOLUCION CUBANA |2 CL-VaPUC |9 340347 | |
| 650 | 0 | |a Guerra de Vietnam |y 1961-1975 |9 330754 | |
| 650 | 0 | |a Anticomunismo |9 442456 | |
| 651 | 0 | |a Estados Unidos |9 255178 | |
| 583 | |a last modification |c 20001117 00:00:00 |k Rodrigo Vera | ||
| 490 | 0 | |a Problems in American History | |
| 999 | |c 292468 |d 292466 | ||
| 952 | |0 0 |1 0 |4 0 |6 973_900000000000000_LAF_1969 |7 0 |8 A |9 343382 |a BIBHIS |b BIBHIS |d 2019-11-20 |i 1228560 |o 973.9 LAF 1969 |p 1228560 |r 2025-01-20 |w 2019-11-20 |y BK |k HIS | ||